Länder mit Metastädten - Statistiken

Allgemein
  • Dieses Quiz wurde 100 mal gespielt
  • Das Durchschnittsergebnis liegt bei 11 aus 14
Antwortstatistiken
Anzahl Land % Korrekt
3 China
100%
1 Vereinigte Staaten
99%
1 Japan
98%
2 Indien
95%
1 Mexiko
93%
1 Brasilien
92%
1 Indonesien
80%
1 Pakistan
76%
1 Ägypten
72%
1 Nigeria
70%
1 Thailand
70%
1 Südkorea
69%
1 Bangladesch
64%
1 Philippinen
56%
Keine übereinstimmenden Quizze gefunden
Verteilung der Resultate
Anzahl Personen mit jedem Resultat
Perzentil nach korrekt beantworteten Fragen
Ihre Resultats-Entwicklung
Sie haben dieses Quiz noch nicht gespielt